|
|
|
|
| LEADER |
00000nab#a22000007a#4500 |
| 001 |
arbauad035139 |
| 003 |
AR-BaUAD |
| 005 |
20250711112807.0 |
| 008 |
990208|||||||||###||||||b###|0###a|spa|| |
| 040 |
|
|
|a AR-BaUAD
|c AR-BaUAD
|b spa
|
| 100 |
|
|
|a Codrington, Andrea
|
| 245 |
|
|
|a Material word /
|c Andrea Codrington;
|
| 300 |
0 |
|
|b fot.
|
| 653 |
|
|
|a ESTADOS UNIDOS
|
| 653 |
|
|
|a EXPOSICIONES
|
| 653 |
|
|
|a MUSEO DE ARTE MODERNO DE NUEVA YORK
|
| 653 |
|
|
|a MOMA
|
| 653 |
|
|
|a SAINT LOUIS ART MUSEUM
|
| 653 |
|
|
|a CONTEMPORARY JAPANESE TEXTILES
|
| 653 |
|
|
|a JAPON
|
| 653 |
|
|
|a KYOTO
|
| 653 |
|
|
|a OKINAWA
|
| 653 |
|
|
|a FUKUI
|
| 653 |
|
|
|a TEXTURAS
|
| 653 |
|
|
|a PROCESOS TEXTILES
|
| 653 |
|
|
|a FIBRAS NATURALES
|
| 653 |
|
|
|a FIBRAS SINTETICAS
|
| 653 |
|
|
|a TELAS
|
| 653 |
|
|
|a TEJIDOS PLANOS
|
| 653 |
|
|
|a HIGH TECH
|
| 653 |
|
|
|a TELAS ARTESANALES
|
| 653 |
|
|
|a INDUSTRIA TEXTIL
|
| 653 |
|
|
|a DISEÑO TEXTIL
|
| 773 |
0 |
|
|t I.D.
|g [nov. 1998], p. 74-79
|
| 942 |
|
|
|c ARTI
|
| 952 |
|
|
|0 0
|1 0
|4 0
|7 0
|9 80058
|a AR-BAuAD
|b AR-BAuAD
|d 2025-07-11
|l 0
|p AAQA035139
|r 2025-07-11 11:28:07
|w 2025-07-11
|y ARTI
|
| 990 |
|
|
|a DT199
|b TD
|
| 998 |
|
|
|a AAQ
|b BIBUN76
|
| 999 |
|
|
|c 59731
|d 59731
|